[Event "Villa Alemana op"]
[Site "Villa Alemana"]
[Date "2020.02.22"]
[Round "4.3"]
[White "Valencia Castaneda, Juan"]
[Black "Mella, Leonardo"]
[Result "0-1"]
[WhiteElo "1372"]
[BlackElo "2083"]
[PlyCount "92"]
[EventDate "2020.02.22"]
[EventType "swiss"]
[EventRounds "5"]
[EventCountry "CHI"]
[SourceTitle "EXT 2024"]
[Source "ChessBase"]
[SourceDate "2023.10.10"]
[SourceVersion "1"]
[SourceVersionDate "2023.10.10"]
[SourceQuality "1"]

1. c4 c5 2. Nf3 Nc6 3. g3 g6 4. Bg2 Bg7 5. Nc3 e6 6. d3 d5 7. 0-0 Nge7 8. Qc2 d4 9. Ne4 b6 10. Bg5 h6 11. Bf6 0-0 12. Qd2 Bxf6 13. Nxf6+ Kg7 14. Qc1 Kxf6 15. Qxh6 Nf5 16. Qg5+ Kg7 17. Qxd8 Nxd8 18. Nxd4 Nxd4 19. Bxa8 Nxe2+ 20. Kg2 Bb7+ 21. Bxb7 Nxb7 22. Rab1 Rd8 23. Rfe1 Nd4 24. Red1 a5 25. b3 Rd7 26. a3 Nc6 27. f4 Rd4 28. Kf3 Nd6 29. h3 e5 30. h4 exf4 31. gxf4 Nf5 32. h5 gxh5 33. Rg1+ Kf6 34. Rbd1 Rd8 35. Rh1 Ncd4+ 36. Kf2 h4 37. Rh3 Nxb3 38. Rb1 a4 39. Rb2 Rd6 40. Rf3 Kg6 41. Kg1 Nbd4 42. Rh3 Kh5 43. Rg2 Rg6 44. Rg5+ Kh6 45. Rg2 Ne2+ 46. Kf2 Nxf4 0-1